| 000 | 00381 a2200121 4500 | ||
|---|---|---|---|
| 040 |
_aDLC _bDLC |
||
| 082 | _a330 SYE | ||
| 100 | _aM. Ali Abbas, Syed | ||
| 245 |
_aEconomics: Lectures 1-45, ECO-401 _cSyed M. Ali Abbas |
||
| 260 |
_aLahore _bVirtual University _c2005 |
||
| 500 | _aLectures 1-5, 6-10,11-15,16-20, 21-25, 26-30, 31-35, 36-40, 41-45, (09 CD's) | ||
| 942 |
_cCD _k330 SYE _2ddc |
||
| 999 |
_c9671 _d9671 |
||